Polscy skoczkowie z podium w konkursach - Statystyki

Ogólne statystyki
  • Ten quiz został rozwiązany 83 razy
  • Średni wynik to 9 z 13
Statystyki odpowiedzi
Hint Odpowiedź % Poprawnych
23 Piotr Żyła
100%
92 Adam Małysz
97%
80 Kamil Stoch
97%
38 Dawid Kubacki
94%
3 Maciej Kot
83%
2 Aleksander Zniszczoł
66%
2 Jan Ziobro
65%
1 Andrzej Stękała
62%
1 Krzysztof Biegun
58%
10 Piotr Fijas
52%
1 Tadeusz Fijas
49%
4 Stanisław Bobak
37%
1 Janusz Malik
7%
Nie znaleziono quizów pasujących do podanych kryteriów
Rozkład punktacji
Procent ludzi z każdym wynikiem
Percentyl według liczby udzielonych odpowiedzi
Twoja historia wyników
Nie rozwiązałeś tego quizu